African border disorders (Registro nro. 310317)

Detalles MARC
000 -ENCABEZADO
Número de control [NR] 01105cam a2200289 i 4500
001 - NÚMERO DE CONTROL
control field 19546220
005 - FECHA Y HORA DE LA ÚLTIMA TRANSACCIÓN
control field 20180827144439.0
008 - DE LONGITUD FIJA DE DATOS DE ELEMENTOS - INFORMACIÓN GENERAL
Elementos de longitud fija [NR] 180824s2018 nyu b 001 0 eng d
010 ## - NUMERO DE CONTROL DE LA BIBLIOTECA DEL CONGRESO (LC) [NR]
Número de control LC [NR] 2017011078
020 ## - NUMERO INTERNACIONAL NORMALIZADO PARA LIBROS [R]
Número Internacional Normalizado del libro [NR] 9781138054684
020 ## - NUMERO INTERNACIONAL NORMALIZADO PARA LIBROS [R]
ISBN Cancelado/ Invalidado [R] 9781315166483
040 ## - FUENTE DE CATALOGACION [NR]
Agencia de catalogación original [NR] CO-BoUCM
Idioma de catalogación [NR] spa
Quien Cataloga Saul Niño
Quien Clasifica Saul Niño
041 0# - CODIGO DE IDIOMA [R]
Código de idioma para texto/pista de sonido o título separado [R] Inglés
245 00 - MENCION DE TITULO [NR]
Título [NR] African border disorders
Parte restante del título [NR] addressing transnational extremist organizations
Mención de responsabilidad, etc. [NR] edited by Olivier J. Walther and William F.S. Miles
260 ## - PUBLICACION, DISTRIBUCION, ETC. (PIE DE IMPRENTA) [R]
Lugar de publicación, distribución, etc. [R] London
-- New York
Nombre del editor, distribuidor, etc. [R] Routledge
Fecha de publicación, distribución, etc. [R] 2018
300 ## - DESCRIPCION FISICA [R]
Extensión [R] xix, 209 páginas
490 0# - MENCION DE SERIE [R]
Mención de serie [R] Routledge studies in African politics and international relations
650 #7 - ASIENTO SECUNDARIO DE MATERIA - TERMINO TEMATICO [R]
Término temático o nombre geográfico como elemento de entrada [NR] Violencia política
Subdivisión geográfica [R] África
9 (RLIN) 26287
650 #7 - ASIENTO SECUNDARIO DE MATERIA - TERMINO TEMATICO [R]
Término temático o nombre geográfico como elemento de entrada [NR] Violencia
Subdivisión general [R] Aspectos religiosos
-- Islam
9 (RLIN) 422
650 #7 - ASIENTO SECUNDARIO DE MATERIA - TERMINO TEMATICO [R]
Término temático o nombre geográfico como elemento de entrada [NR] Política africana
9 (RLIN) 21911
650 #7 - ASIENTO SECUNDARIO DE MATERIA - TERMINO TEMATICO [R]
Término temático o nombre geográfico como elemento de entrada [NR] Fundamentalismo islámico
Subdivisión geográfica [R] África
9 (RLIN) 16217
651 #0 - ASIENTO SECUNDARIO DE MATERIA - NOMBRE GEOGRAFICO [R]
Nombre geográfico [NR] África subsahariana
Subdivisión general [R] Limites
9 (RLIN) 93427
700 1# - ASIENTO SECUNDARIO - NOMBRE PERSONAL [R]
Nombre personal [NR] Walther, Olivier
Término de relación [R] editor
9 (RLIN) 93428
700 1# - ASIENTO SECUNDARIO - NOMBRE PERSONAL [R]
Nombre personal [NR] Miles, William F. S.
Término de relación [R] editor
9 (RLIN) 93429
942 ## - ELEMENTOS DE ENTRADA AGREGADOS (KOHA)
Sistema de clasificación DEWEY
Tema principal Derecho
Tipo de ítem principal el descrito en 300a Libro
Edición 1
Clasificación 303.60967
Parte restante de la signatura top. A258b
Existencias
Fecha de último préstamo Total préstamos Signatura topográfica Código de barras Última vez visto Ejemplar Costo de reposición Price effective from Tipo de ítem Perdido Sistema de clasificación Dañado No prestable Tipo de ítem específico Suprimido Ubicación habitual Ubicación actual Localización Fecha de creación Proveedor Forma de adquisición Costo
29/08/2018 1 303.60967 A258b 100157768 09/12/2025 Ej.1 421241.00 22/08/2018 Libro   DEWEY     Libro   Claustro Claustro 2do piso 22/08/2018 15 Compra 421241.00